| 000 | 00396cam a2200145ua 4500 | ||
|---|---|---|---|
| 003 | OSt | ||
| 008 | 241231b |||||||| |||| 00| 0 eng d | ||
| 020 | _a9788189866587 | ||
| 082 |
_a621.366 _bSAR/LA |
||
| 100 |
_aSarah, P . _96665 |
||
| 245 | _aLasers and optical fibre communications / | ||
| 260 |
_aNew Delhi : _bI.K International Publishing House , _c2008. |
||
| 300 | _a278 ; . | ||
| 942 | _cBK | ||
| 999 |
_c13171 _d13171 |
||